| 000 | 00570nam a2200193Ia 4500 | ||
|---|---|---|---|
| 003 | OSt | ||
| 005 | 20260625110223.0 | ||
| 008 | 210210b2004 xxu||||| |||| 00| 0 eng d | ||
| 040 | _cAL | ||
| 041 | _aSanskrit | ||
| 082 | _aS891.8 LEES | ||
| 100 |
_aLEELA (K). _dलीला (के.) _9265993 |
||
| 245 |
_aAyurveda hitopadesha (Sacred preachings of ayurveda) _bआयुर्वेदहितोपदेशः |
||
| 260 |
_aMysore _bVidyuth prakashana _c2004 |
||
| 300 | _a286 | ||
| 690 |
_aSanskrit Miscellaneous _9265994 |
||
| 906 | _a059811 | ||
| 942 |
_2ddc _cBK |
||
| 999 |
_c106872 _d106872 |
||